00349nam a2200121Ia 450000500170000000800410001708200130005810000210007124500200009226000480011230000120016050000550017220250606003055.0240331s9999 xx 000 0 und d bPUNa303 aPunchihewa, S.G. 0aThalena gammana aSri LankabDemocratic Rights Movementc1998 a42 p ., aThere is little information on war - torn villages